000 00538nam a22001937a 4500
003 KOHA_MİRAKIL
005 20251219103349.0
008 251219b tu ||||| |||| 00| 0 tur d
020 _a9786254450365
040 _aTR-AnABB
_btur
_cTR-AnABB
041 _atur
082 _a364
_bTUT 2021
100 1 _aTutar, Ahmet,
245 1 0 _aKriminalistik /
_cAhmet Tutar
260 _aAnkara :
_bJandarma ve Sahil Güvenlik Akademisi Yayınları,
_c2021
300 _a394 sayfa ;
_c29 cm
650 0 4 _aKriminoloji
942 _2ddc
_cBK
999 _c9793
_d9793
900 _bGizem YORULMAZ